Random Base Conversion - Binary to Hex - Statistics

General Stats
  • This quiz has been taken 96 times
  • The average score is 15 of 20
Answer Stats
Binary Hex % Correct
0 0
100%
10001 11
100%
10111 17
100%
11000 18
100%
11001 19
100%
11010 1A
100%
11011 1B
100%
11101 1D
100%
11110 1E
100%
10 2
100%
100010 22
100%
100111 27
100%
101001 29
100%
101101 2D
100%
101111 2F
100%
110001 31
100%
110010 32
100%
110011 33
100%
110100 34
100%
111011 3B
100%
111100 3C
100%
111101 3D
100%
1000001 41
100%
1000101 45
100%
1000111 47
100%
1001111 4F
100%
1010000 50
100%
1010010 52
100%
1010101 55
100%
1010111 57
100%
1011001 59
100%
1011010 5A
100%
1011100 5C
100%
1011101 5D
100%
1011110 5E
100%
110 6
100%
1100100 64
100%
1101001 69
100%
1101010 6A
100%
1101101 6D
100%
1110000 70
100%
1110001 71
100%
1110011 73
100%
1110100 74
100%
1111000 78
100%
1111010 7A
100%
1111111 7F
100%
1000 8
100%
10000000 80
100%
10000011 83
100%
10000111 87
100%
10001011 8B
100%
10001110 8E
100%
1001 9
100%
10010001 91
100%
10011010 9A
100%
10011101 9D
100%
10011111 9F
100%
10100100 A4
100%
10100101 A5
100%
10100111 A7
100%
10101010 AA
100%
10101101 AD
100%
10101110 AE
100%
10110001 B1
100%
10110010 B2
100%
10110100 B4
100%
10111101 BD
100%
10111111 BF
100%
11000000 C0
100%
11000001 C1
100%
11000011 C3
100%
11000100 C4
100%
11001100 CC
100%
11001111 CF
100%
1101 D
100%
11010001 D1
100%
11010011 D3
100%
11010101 D5
100%
11011000 D8
100%
11011110 DE
100%
1110 E
100%
11100111 E7
100%
11101001 E9
100%
1111 F
100%
11110000 F0
100%
11110101 F5
100%
11110110 F6
100%
11111011 FB
100%
11111100 FC
100%
11111101 FD
100%
11111111 FF
100%
10100 14
80%
1001010 4A
80%
110000 30
75%
1100111 67
75%
10000110 86
75%
11001001 C9
75%
11011011 DB
75%
10010 12
67%
101110 2E
67%
1010011 53
67%
1011111 5F
67%
1100101 65
67%
111 7
67%
10001001 89
67%
10010000 90
67%
10010010 92
67%
10101100 AC
67%
10101111 AF
67%
10110101 B5
67%
10111001 B9
67%
10111010 BA
67%
10111100 BC
67%
10111110 BE
67%
11001010 CA
67%
11001110 CE
67%
11011111 DF
67%
11101000 E8
67%
1010110 56
60%
10000 10
50%
11100 1C
50%
100000 20
50%
100011 23
50%
101011 2B
50%
110110 36
50%
110111 37
50%
111111 3F
50%
100 4
50%
1000110 46
50%
1001001 49
50%
1001011 4B
50%
1001101 4D
50%
1010001 51
50%
1101100 6C
50%
1110101 75
50%
10000100 84
50%
10001100 8C
50%
10010100 94
50%
10010110 96
50%
10011100 9C
50%
10100110 A6
50%
1100 C
50%
11000101 C5
50%
11000110 C6
50%
11000111 C7
50%
11001000 C8
50%
11010110 D6
50%
11011001 D9
50%
11011010 DA
50%
11011101 DD
50%
11100010 E2
50%
11100110 E6
50%
11101100 EC
50%
11101111 EF
50%
11110001 F1
50%
11110100 F4
50%
11110111 F7
50%
11111001 F9
50%
100101 25
33%
111000 38
33%
1000011 43
33%
1100011 63
33%
1101110 6E
33%
10011000 98
33%
10110011 B3
33%
10110111 B7
33%
11101110 EE
25%
1 1
0%
10011 13
0%
10101 15
0%
10110 16
0%
11111 1F
0%
100001 21
0%
100100 24
0%
100110 26
0%
101000 28
0%
101010 2A
0%
101100 2C
0%
11 3
0%
110101 35
0%
111001 39
0%
111010 3A
0%
111110 3E
0%
1000000 40
0%
1000010 42
0%
1000100 44
0%
1001000 48
0%
1001100 4C
0%
1001110 4E
0%
101 5
0%
1010100 54
0%
1011000 58
0%
1011011 5B
0%
1100000 60
0%
1100001 61
0%
1100010 62
0%
1100110 66
0%
1101000 68
0%
1101011 6B
0%
1101111 6F
0%
1110010 72
0%
1110110 76
0%
1110111 77
0%
1111001 79
0%
1111011 7B
0%
1111100 7C
0%
1111101 7D
0%
1111110 7E
0%
10000001 81
0%
10000010 82
0%
10000101 85
0%
10001000 88
0%
10001010 8A
0%
10001101 8D
0%
10001111 8F
0%
10010011 93
0%
10010101 95
0%
10010111 97
0%
10011001 99
0%
10011011 9B
0%
10011110 9E
0%
1010 A
0%
10100000 A0
0%
10100001 A1
0%
10100010 A2
0%
10100011 A3
0%
10101000 A8
0%
10101001 A9
0%
10101011 AB
0%
1011 B
0%
10110000 B0
0%
10110110 B6
0%
10111000 B8
0%
10111011 BB
0%
11000010 C2
0%
11001011 CB
0%
11001101 CD
0%
11010000 D0
0%
11010010 D2
0%
11010100 D4
0%
11010111 D7
0%
11011100 DC
0%
11100000 E0
0%
11100001 E1
0%
11100011 E3
0%
11100100 E4
0%
11100101 E5
0%
11101010 EA
0%
11101011 EB
0%
11101101 ED
0%
11110010 F2
0%
11110011 F3
0%
11111000 F8
0%
11111010 FA
0%
11111110 FE
0%
No matching quizzes found
Score Distribution
Percent of People with Each Score
Percentile by Number Answered
Your Score History
You have not taken this quiz